刑警手記之犯罪心理師
| 資料類型: | 圖書 | 書目號: | 50934 |
Leader xxxxxxxxxx 001 __ 102449/6/01 005 __ 20170410105846.030 010 0_ |a978-986-389-284-7|b平裝|d新臺幣380元 042 __ |anbim 100 __ |a20170410d2017 k y0chiy50 e 101 0_ |achi 102 __ |atw 105 __ |ay z 000ay 200 1_ |a刑警手記之犯罪心理師|f風雨如書著 205 __ |a第1版 210 __ |a新北市|c普天|d2017[民106] 215 0_ |a509面|d21公分 225 12 |a飛行城堡|v82 606 __ |2cst|a小說 700 _0 |a風雨如書|4著 681 __ |a857.7|b8536 801 _0 |atw|bLibDipper|c20170410|gCCR |